Η πάπισσα Ιωάννα

Αποθηκεύτηκε σε:
Λεπτομέρειες βιβλιογραφικής εγγραφής
Κύριος συγγραφέας: Ροΐδης, Εμμανουήλ Δ., 1836-1904
Άλλοι συγγραφείς: Δημηρούλης, Εμμανουήλ (Επιμελητής έκδοσης)
Μορφή: Βιβλίο
Γλώσσα:Greek
Δημοσίευση: Αθήνα : Μεταίχμιο, 2005.
Θέματα:
Ετικέτες: Προσθήκη ετικέτας
Δεν υπάρχουν, Καταχωρήστε ετικέτα πρώτοι!

MARC

LEADER 00000cam a2200000 a 4500
001 1/114105
008 170525s2005####gr |||||||||||||| ||gre||
020 |a 9603759015 
040 |a GR-MyUa  |b gre  |c GR-MyUa  |e AACR2 
041 0 |a gre 
082 7 |a 889.31  |2 (23) 
100 1 |a Ροΐδης, Εμμανουήλ Δ.,   |d 1836-1904. 
245 1 3 |a Η πάπισσα Ιωάννα /   |c Εμμανουήλ Ροϊδης ; εισαγωγή - επιμέλεια Δημήτρης Δημηρούλης.  
260 |a Αθήνα :   |b Μεταίχμιο,   |c 2005.  
300 |a 444 σ. ;   |c 20 εκ.  
500 |a Το αυθεντικό κείμενο του 1866.  
650 0 |a Greek literature, Modern. 
650 0 |a Greek fiction, Modern. 
700 1 |a Δημηρούλης, Εμμανουήλ,  |e edt 
852 |a INST  |b LESVOS  |c EUDOXUS  |e 20170525  |h 889.31 ΡΟΙ  |p 005100059284  |q 005100059284  |t EDX  |y 0 
920 |a Εύδοξος  |b Παραγγελία  |y Λέσβος-ΤΚ  |z 2017-05 
970 |a Καμάτσου  |b Δέσποινα  |z 25-05-2017